Datum a čas kvízu
30
Celkem bodů
Celkový počet nahraných bodů na tomto kvízu bez doplňovacích otázek.
8.
Pořadí na kvízu
Konečné umístění týmu na tomto kvízu.
Zaznamenané odpovědi
| # | Otázka | Odpověď | Body | Výsledky |
|---|---|---|---|---|
| 1. | Minulý týden roztálo sněhové p... | Mapa republiky | 1 | |
| 2. | V pátek byl v italských Benátk... | Mojžíš | 1 | |
| 3. | Minulý týden vstoupil do kin d... | Meky | 1 | |
| 4. | Automobilka Tesla nedávno popr... | šortky | 0 | |
| 5. | Hokejová NHL představila svůj... | Toronto, Edmonton | 0.5 | |
| 6. | Různé návykové látky jsou užív... | pelyněk (pravý) | 0 | |
| 7. | Užívání tabákových výrobků je... | polevím z vysokejch otáček | 1 | |
| 8. | Konopí se odpradávna používá j... | kanabinoidy | 1 | |
| 9. | Opium se získává z nezralých m... | latex | 1 | |
| 10. | Kokain byl poprvé izolován v r... | Medellín | 1 |